| 000 | 00652nam a22002057a 4500 | ||
|---|---|---|---|
| 003 | 0 | ||
| 005 | 20250902120652.0 | ||
| 008 | 250902b xxu||||| |||| 00| 0 eng d | ||
| 020 | _a979-8-89366-102-6 | ||
| 050 |
_aJC 571 _b.T46 2025 |
||
| 100 |
_aThomas, Alfie, _eauthor. |
||
| 245 |
_aInternational human rights / _cAlfie Thomas. |
||
| 260 |
_aBrooklyn, NY : _bStates Academic Press, _c2025. |
||
| 300 |
_aviii, 237 pages : _billustrations ; _c26 cm. |
||
| 504 | _aIncludes bibliographical references and index. | ||
| 650 | _aHuman rights. | ||
| 650 | _aInternational law and human rights. | ||
| 650 | _aInternational relations. | ||
| 942 |
_2lcc _cBK |
||
| 999 |
_c367745 _d367745 |
||